Zbožně peněžní vztahy za socialismu Vysokoškolská příručka ke studiu politické ekonomie

Guardado en:
Detalles Bibliográficos
Autor principal: Kubíček, Antonín
Formato: Libro
Lenguaje:checo
Publicado: Praha Stát. ped. nakl. 1987
Edición:1. vyd.
Etiquetas: Agregar Etiqueta
Sin Etiquetas, Sea el primero en etiquetar este registro!

MARC

LEADER 00000nam a2200000 4500
001 c035556
005 20221219103748.2
041 0 |a cze 
044 |a CZ 
245 1 0 |a Zbožně peněžní vztahy za socialismu  |b Vysokoškolská příručka ke studiu politické ekonomie  |c Antonín Kubíček a kol. 
250 |a 1. vyd. 
264 1 |a Praha  |b Stát. ped. nakl.  |c 1987 
300 |a 167 s. 
100 1 |a Kubíček, Antonín